书目信息 |
| 题名: |
环境规制的绿色技术创新效应
|
|
| 作者: | 刘章生 著 | |
| 分册: | ||
| 出版信息: | 北京 经济管理出版社 2019.01 |
|
| 页数: | 209页 | |
| 开本: | 24cm | |
| 丛书名: | ||
| 单 册: | ||
| 中图分类: | X38 | |
| 科图分类: | ||
| 主题词: | 环境规则--huan jing gui ze--作用--无污染技术--技术革新 | |
| 电子资源: | ||
| ISBN: | 978-7-5096-6105-5 | |
| 000 | 01922nam0 2200289 450 | |
| 001 | 0100010660 | |
| 005 | 20190905093951.0 | |
| 010 | @a978-7-5096-6105-5@dCNY68.00 | |
| 100 | @a20190903d2019 em y0chiy50 ea | |
| 101 | 0 | @achi |
| 102 | @aCN@b110000 | |
| 105 | @aak a 000yy | |
| 106 | @ar | |
| 200 | 1 | @a环境规制的绿色技术创新效应@Ahuan jing gui zhi de lv se ji shu chuang xin xiao ying@e资本投入、技术进步与创新能力@d= Green technology innovation effect of environmental regulation@ecapital input, technological progress and innovation capability@f刘章生著@zeng |
| 210 | @a北京@c经济管理出版社@d2019.01 | |
| 215 | @a209页@c图@d24cm | |
| 300 | @a国家自然科学基金项目“环境规制对绿色技术创新的作用机理与政策模拟研究 —— 以长江经济带为例” (编号: 71863020) 阶段性成果 江西省社会科学规划项目“教育扩展对二孩意愿影响的机理与对策研究” (编号: 18GL009) 阶段性成果 江西省教育厅人文社会科学研究规划基金项目“环境规制影响绿色经济增长的机理与对策研究 —— 以长江经济带为例” (编号: GL187125) 阶段性成果 | |
| 314 | @a刘章生, 经济学博士。 | |
| 320 | @a有书目 (第180-205页) | |
| 330 | @a本书在梳理环境规制与绿色技术创新相关理论及文献的基础上, 从资本投入、技术进步、创新能力与扩散等视角探讨了环境规制对绿色技术创新的作用机制, 从这四个视角建立理论模型并展开实证检验。研究发现, 环境规制的绿色技术创新效应可以分为四个层面: 资本投入的倒逼效应 ; 技术进步的诱导效应 ; 创新能力的门槛效应 ; 创新能力的扩散效应。在总结研究结论的基础上, 指出了研究的不足和值得进一步深入研究的方向。 | |
| 510 | 1 | @aGreen technology innovation effect of environmental regulation@ecapital input, technological progress and innovation capability@zeng |
| 517 | 1 | @a资本投入、技术进步与创新能力@Azi ben tou ru 、 ji shu jin bu yu chuang xin neng li |
| 606 | 0 | @a环境规则@Ahuan jing gui ze@x作用@x无污染技术@x技术革新 |
| 690 | @aX38@v5 | |
| 701 | 0 | @a刘章生@Aliu zhang sheng@4著 |
| 801 | 0 | @aCN@c20190905 |
| 905 | @a河南城建学院图书馆@dX38@eL726 | |
| 环境规制的绿色技术创新效应:资本投入、技术进步与创新能力= Green technology innovation effect of environmental regulation:capital input, technological progress and innovation capability/刘章生著.-北京:经济管理出版社,2019.01 |
| 209页:图;24cm |
| 国家自然科学基金项目“环境规制对绿色技术创新的作用机理与政策模拟研究 —— 以长江经济带为例” (编号: 71863020) 阶段性成果 江西省社会科学规划项目“教育扩展对二孩意愿影响的机理与对策研究” (编号: 18GL009) 阶段性成果 江西省教育厅人文社会科学研究规划基金项目“环境规制影响绿色经济增长的机理与对策研究 —— 以长江经济带为例” (编号: GL187125) 阶段性成果 |
| ISBN 978-7-5096-6105-5:CNY68.00 |
| 本书在梳理环境规制与绿色技术创新相关理论及文献的基础上, 从资本投入、技术进步、创新能力与扩散等视角探讨了环境规制对绿色技术创新的作用机制, 从这四个视角建立理论模型并展开实证检验。研究发现, 环境规制的绿色技术创新效应可以分为四个层面: 资本投入的倒逼效应 ; 技术进步的诱导效应 ; 创新能力的门槛效应 ; 创新能力的扩散效应。在总结研究结论的基础上, 指出了研究的不足和值得进一步深入研究的方向。 |
| ● |
| 相关链接 |
|
|
|
正题名:环境规制的绿色技术创新效应
索取号:X38/L726
 
预约/预借
| 序号 | 登录号 | 条形码 | 馆藏地/架位号 | 状态 | 备注 |
| 1 | 1438623 | 214386234 | 自科库501/501自科库 67排2列5层/ [索取号:X38/L726] | 在馆 | |
| 2 | 1438624 | 214386243 | 自科库501/501自科库 67排2列5层/ [索取号:X38/L726] | 在馆 |